Predicting Karachi's Climate Patterns A Comparative LSTM and SVM Analysis ( Thesis MS) (Record no. 69090)

MARC details
000 -LEADER
fixed length control field 00426nam a22001217a 4500
100 ## - MAIN ENTRY--AUTHOR NAME
Personal name Ahmer Hassan
-- 21-MCSE-02
-- Supervisor - Prof.Dr. Fareed Ahmed Jokhio
245 ## - TITLE STATEMENT
Title Predicting Karachi's Climate Patterns A Comparative LSTM and SVM Analysis ( Thesis MS)
260 ## - PUBLICATION, DISTRIBUTION, ETC. (IMPRINT)
Place of publication Nawabshah
Name of publisher QUEST
Year of publication 2025
300 ## - PHYSICAL DESCRIPTION
Number of Pages 82p.
700 ## - ADDED ENTRY--PERSONAL NAME
Personal name Department of Computer Systems Engineering
942 ## - ADDED ENTRY ELEMENTS (KOHA)
Koha item type Thesis and Dissertation
Holdings
Withdrawn status Lost status Home library Current library Date acquired Accession Number Koha item type
    Research Section Research Section 29/06/2026 MP/103-1549 Thesis and Dissertation
    Research Section Research Section 29/06/2026 MP/103-1550 Thesis and Dissertation